Breeding Birds of Europe - Non-passerines - Statistics

General Stats
  • This quiz has been taken 35 times
  • The average score is 154 of 289
Answer Stats
Scientific Name Common Name % Correct
Anas platyrhycnhos Mallard
100%
Cygnus olor Mute Swan
100%
Spatula clypeata Northern Shoveler
93%
Cygnus atratus* Black Swan
87%
Branta canadensis* Canada Goose
87%
Somateria mollissima Common Eider
87%
Podiceps cristatus Great Crested Grebe
87%
Anser anser Greylag Goose
87%
Columba livia Rock Dove
87%
Ciconia ciconia White Stork
87%
Cygnus cygnus Whooper Swan
87%
Stercorarius parasiticus Arctic Jaeger
80%
Fratercula arctica Atlantic Puffin
80%
Branta leucopsis Barnacle Goose
80%
Tyto alba Barn Owl
80%
Gavia arctica Black-throated Diver
80%
Fulica atra Common Coot
80%
Uria aalge Common Murre
80%
Coturnix coturnix Common Quail
80%
Apus apus Common Swift
80%
Anas crecca Common Teal
80%
Columba palumbus Common Woodpigeon
80%
Numenius arquata Eurasian Curlew
80%
Platalea leucorodia Eurasian Spoonbill
80%
Mareca penelope Eurasian Wigeon
80%
Aquila chrysaetos Golden Eagle
80%
Mergus merganser Goosander
80%
Stercorarius skua Great Skua
80%
Ardea cinerea Grey Heron
80%
Larus argentatus Herring Gull
80%
Somateria spectabilis King Eider
80%
Morus bassanus Northern Gannet
80%
Recurvirostra avosetta Pied Avocet
80%
Ardea purpurea Purple Heron
80%
Alca torda Razorbill
80%
Mergus serrator Red-breasted Merganser
80%
Gavia stellata Red-throated Diver
80%
Calidris pugnax Ruff
80%
Podiceps auritis Slavonian Grebe
80%
Mergellus albellus Smew
80%
Cygnus columbianus Tundra Swan
80%
Rallus aquaticus Water Rail
80%
Lagopus lagopus Willow Grouse
80%
Sterna paradisaea Arctic Tern
73%
Chroicocephalus ridibundus Black-headed Gull
73%
Rissa tridactyla Black-legged Kittiwake
73%
Ciconia nigra Black Stork
73%
Chlidonias niger Black Tern
73%
Grus grus Common Crane
73%
Bucephalus clangula Common Goldeneye
73%
Larus canus Common Gull
73%
Gallinula chloropus Common Moorhen
73%
Aythya ferina Common Pochard
73%
Charadrius hiaticula Common Ringed Plover
73%
Tadorna tadorna Common Shelduck
73%
Sterna hirundo Common Tern
73%
Alopochen aegyptiaca* Egyptian Goose
73%
Pluvialis apricaria Eurasian Golden Plover
73%
Falco subbuteo Eurasian Hobby
73%
Streptopelia turtur European Turtle-Dove
73%
Larus marinus Great Black-backed Gull
73%
Phalacrocorax carbo Great Cormorant
73%
Aythya marila Greater Scaup
73%
Gavia immer Great Northern Diver
73%
Ardea alba Great White Egret
73%
Pluvialis squatarola Grey Plover
73%
Larus fuscus Lesser Black-backed Gull
73%
Alle alle Little Auk
73%
Egretta garzetta Little Egret
73%
Tachybaptus ruficollis Little Grebe
73%
Fulmarus glacialis Northern Fulmar
73%
Anas acuta Northern Pintail
73%
Thalasseus sandvicensis Sandwich Tern
73%
Aythya fuligula Tufted Duck
73%
Bubulcus ibis Western Cattle Egret
73%
Haliaeetus albicilla White-tailed Eagle
73%
Larus armenicus Armenian Gull
67%
Limosa lapponica Bar-tailed Godwit
67%
Podiceps nigricollis Black-necked Grebe
67%
Hydroprogne caspia Caspian Tern
67%
Tringa nebularia Common Greenshank
67%
Falco tinnunculus Common Kestrel
67%
Phasianus colchicus Common Pheasant
67%
Calidris alpina Dunlin
67%
Botaurus stellaris Eurasian Bittern
67%
Buteo buteo Eurasian Buzzard
67%
Streptopelia decaocto Eurasian Collared-Dove
67%
Accipiter gentilis Eurasian Goshawk
67%
Haematopus ostralegus Eurasian Oystercatcher
67%
Burhinus oedicnemus Eurasian Thick-knee
67%
Scolopax rusticola Eurasian Woodcock
67%
Caprimulgus europaeus European Nightjar
67%
Gulosus aristotelis European Shag
67%
Mareca strepera Gadwall
67%
Otis tarda Great Bustard
67%
Anser albifrons Greater White-fronted Goose
67%
Perdix perdix Grey Partridge
67%
Circus cyaneus Hen Harrier
67%
Tetrax tetrax Little Bustard
67%
Charadrius dubius Little Ringed Plover
67%
Stercorarius longicaudus Long-tailed Jaeger
67%
Aix galericulata* Mandarin Duck
67%
Ichthyaetus melanocephalus Mediterranean Gull
67%
Cairina moschata* Muscovy Duck
67%
Vanellus vanellus Northern Lapwing
67%
Apus pallidus Pallid Swift
67%
Falco peregrinus Peregrine Falcon
67%
Anser brachyrhynchus Pink-footed Goose
67%
Stercorarius pomarinus Pomarine Jaeger
67%
Milvus milvus Red Kite
67%
Calidris canutus Red Knot
67%
Podiceps grisigena Red-necked Grebe
67%
Anser caerulescens* Snow Goose
67%
Polysticta stelleri Steller's Eider
67%
Columba oenas Stock Dove
67%
Tetrao urogallus Western Capercaillie
67%
Tachymarptis melba Alpine Swift
60%
Ichthyaetus audouinii Audouin's Gull
60%
Nycticorax nycticorax Black-crowned Night Heron
60%
Cepphus grylle Black Guillemot
60%
Milvus migrans Black Kite
60%
Limosa limosa Black-tailed Godwit
60%
Tringa totanus Common Redshank
60%
Melanitta nigra Common Scoter
60%
Crex crex Corncrake
60%
Pelecanus crispus Dalmatian Pelican
60%
Bubo bubo Eurasian Eagle-Owl
60%
Spatula querquedula Garganey
60%
Larus hyperboreus Glaucous Gull
60%
Chrysolophus pictus* Golden Pheasant
60%
Falco rusticolus Gyrfalcon
60%
Histrionicus histrionicus Harlequin Duck
60%
Anser erythropus Lesser White-fronted Goose
60%
Hydrocoloeus minutus Little Gull
60%
Athene noctua Little Owl
60%
Sternula albifrons Little Tern
60%
Asio otus Long-eared Owl
60%
Puffinus puffinus Manx Shearwater
60%
Netta rufina Red-crested Pochard
60%
Alectoris rufa Red-legged Partridge
60%
Lagopus muta Rock Ptarmigan
60%
Sterna dougallii Roseate Tern
60%
Buteo lagopus Rough-legged Buzzard
60%
Oxyura jamaicensis* Ruddy Duck
60%
Tadorna ferruginea Ruddy Shelduck
60%
Calidris alba Sanderling
60%
Asio flammeus Short-eared Owl
60%
Calidris temminckii Temminck's Stint
60%
Melanitta fusca Velvet Scoter
60%
Bucephalus islandica Barrow's Goldeneye
53%
Anser fabalis Bean Goose
53%
Gypaetus barbatus Bearded Vulture
53%
Lyrurus tetrix Black Grouse
53%
Himantopus himantopus Black-winged Stilt
53%
Alectoris chukar Chukar
53%
Cuculus canorus Common Cuckoo
53%
Actitis hypoleucos Common Sandpiper
53%
Neophron percnopterus Egyptian Vulture
53%
Jynx torquilla Eurasian Wryneck
53%
Plegadis falcinellus Glossy Ibis
53%
Dendrocopos major Great Spotted Woodpecker
53%
Dryobates minor Lesser Spotted Woodpecker
53%
Ixobrychus minutus Little Bittern
53%
Calidris minuta Little Stint
53%
Clangula hyemalis Long-tailed Duck
53%
Marmaronetta angustirostris Marbled Teal
53%
Falco columbarius Merlin
53%
Pandion haliaetus Osprey
53%
Microcarbo pygmaeus Pygmy Cormorant
53%
Phalaropus lobatus Red-necked Phalarope
53%
Arenaria interpres Ruddy Turnstone
53%
Bubo scandiacus Snowy Owl
53%
Aquila adalberti Spanish Imperial Eagle
53%
Circus aeruginosus Western Marsh Harrier
53%
Numenius phaeopus Whimbrel
53%
Gavia adamsii White-billed Diver
53%
Chlidonias leucopterus White-winged Tern
53%
Tringa glareola Wood Sandpiper
53%
Larus cachinnans Caspian Gull
47%
Gallinago gallinago Common Snipe
47%
Aythya nyroca Ferruginous Duck
47%
Phoenicopterus roseus Greater Flamingo
47%
Gyps fulvus Griffon Vulture
47%
Lymnocryptes minimus Jack Snipe
47%
Circus pygargus Montagu's Harrier
47%
Streptopelia orientalis Oriental Turtle-Dove
47%
Calidris maritima Purple Sandpiper
47%
Strix aluco Tawny Owl
47%
Uria lomvia Thick-billed Murre
47%
Strix uralensis Ural Owl
47%
Porphyrio porphyrio Western Swamphen
47%
Chlidonias hybrida Whiskered Tern
47%
Oxyura leucocephala White-headed Duck
47%
Larus michahellis Yellow-legged Gull
47%
Dryocopus martius Black Woodpecker
40%
Tetraogallus caspius Caspian Snowcock
40%
Tetraogallus caucasicus Caucasian Snowcock
40%
Upupa epops Common Hoopoe
40%
Calonectris diomedea Cory's Shearwater
40%
Anthropoides virgo Demoiselle Crane
40%
Falco eleonorae Eleonora's Falcon
40%
Eudromias morinellus Eurasian Dotterel
40%
Accipiter nisus Eurasian Sparrowhawk
40%
Strix nebulosa Great Grey Owl
40%
Tringa ochropus Green Sandpiper
40%
Gelochelidon nilotica Gull-billed Tern
40%
Hydrobates leucorhous Leach's Storm-Petrel
40%
Dendrocoptes medius Middle Spotted Woodpecker
40%
Fulica cristata Red-knobbed Coot
40%
Chroicocephalus genei Slender-billed Gull
40%
Porzana porzana Spotted Crake
40%
Tringa erythropus Spotted Redshank
40%
Ardeola ralloides Squacco Heron
40%
Dendrocopos syriacus Syrian Woodpecker
40%
Xenus cinereus Terek Sandpiper
40%
Picoides tridactylus Three-toed Woodpecker
40%
Puffinus mauretanicus Balearic Shearwater
33%
Aegypius monachus Cinereous Vulture
33%
Alcedo atthis Common Kingfisher
33%
Aquila heliaca Eastern Imperial Eagle
33%
Picus viridis Eurasian Green Woodpecker
33%
Glaucidium passerinum Eurasian Pygmy-Owl
33%
Otus scops Eurasian Scops-Owl
33%
Merops apiaster European Bee-eater
33%
Hydrobates pelagicus European Storm-Petrel
33%
Pelecanus onocrotalus Great White Pelican
33%
Tetrastes bonasia Hazel Grouse
33%
Pavo cristatus* Indian Peafowl
33%
Anarhynchus alexandrinus Kentish Plover
33%
Falco naumanni Lesser Kestrel
33%
Zapornia parva Little Crake
33%
Apus affinis Little Swift
33%
Surnia ulula Northern Hawk-Owl
33%
Ichthyaetus ichthyaetus Pallas's Gull
33%
Falco vespertinus Red-footed Falcon
33%
Caprimulgus ruficollis Red-necked Nightjar
33%
Puffinus yelkouan Yelkouan Shearwater
33%
Zapornia pusilla Baillon's Crake
27%
Francolinus francolinus Black Francolin
27%
Elanus caeruleus Black-winged Kite
27%
Calidris falcinellus Broad-billed Sandpiper
27%
Pernis apivorus European Honey-Buzzard
27%
Coracias garrulus European Roller
27%
Gallinago media Great Snipe
27%
Spilopelia senegalensis Laughing Dove
27%
Buteo rufinus Long-legged Buzzard
27%
Geronticus eremita Northern Bald Ibis
27%
Circus macrourus Pallid Harrier
27%
Syrmaticus reevesii* Reeves's Pheasant
27%
Alectoris graeca Rock Partridge
27%
Falco cherrug Saker Falcon
27%
Aegolius funereus Tengmalm's Owl
27%
Dendrocopos leucotos White-backed Woodpecker
27%
Apus caffer White-rumped Swift
27%
Alectoris barbara* Barbary Partridge
20%
Puffinus baroli Barolo Shearwater
20%
Hieraaetus pennatus Booted Eagle
20%
Lyrurus mlokosiewiczi Caucasian Grouse
20%
Clanga clanga Greater Spotted Eagle
20%
Picus sharpei Iberian Green Woodpecker
20%
Falco biarmicus Lanner Falcon
20%
Tringa stagnatilis Marsh Sandpiper
20%
Colinus virginianus* Northern Bobwhite
20%
Pterocles alchata Pin-tailed Sandgrouse
20%
Aquila nipalensis Steppe Eagle
20%
Vanellus leucurus White-tailed Lapwing
20%
Pterocles orientalis Black-bellied Sandgrouse
13%
Aquila fasciata Bonelli's Eagle
13%
Ketupa zeylonensis Brown Fish-Owl
13%
Otus cyprius Cyprus Scops-Owl
13%
Clamator glandarius Great Spotted Cuckoo
13%
Picus canus Grey-headed Woodpecker
13%
Clanga pomarina Lesser Spotted Eagle
13%
Cuculus saturatus Oriental Cuckoo
13%
Ceryle rudis Pied Kingfisher
13%
Ammoperdix griseogularis See-see Partridge
13%
Accipiter badius Shikra
13%
Vanellus gregarius Sociable Lapwing
13%
Vanellus spinosus Spur-winged Lapwing
13%
Merops persicus Blue-cheeked Bee-eater
7%
Turnix sylvaticus Common Buttonquail
7%
Cursorius cursor Cream-colored Courser
7%
Accipiter brevipes Levant Sparrowhawk
7%
Otus brucei Pallid Scops-Owl
7%
Vanellus indicus Red-wattled Lapwing
7%
Glareola nordmanni Black-winged Pranticole
0%
Glareola pranticola Collared Pranticole
0%
Circaetus gallicus Short-toed Snake-Eagle
0%
Halcyon smyrnensis White-breasted Kingfisher
0%
No matching quizzes found
Score Distribution
Percent of People with Each Score
Percentile by Number Answered
Your Score History
You have not taken this quiz